| 000 | 01635cam a2200349Ii 4500 | ||
|---|---|---|---|
| 008 | |||
| 049 | _aMAIN | ||
| 090 |
_aTP255 _bINT |
||
| 111 | 2 |
_aInternational Conference on High Temperature High Pressure Electrochemistry in Aqueous Solutions _d(1973 : _cUniversity of Surrey, England) |
|
| 245 | 1 | 0 |
_aHigh temperature high pressure electrochemistry in aqueous solutions, January 7-12, 1973, University of Surrey, England : _b[papers]/ sponsors, Central Electricity Research Laboratory, England, National Association of Corrosion Engineers, USA,University of Surrey, England ; co-chairmen, D. de G. Jones, R. W. Staehle. |
| 260 |
_aTexas. : _bNational Association of Corrosion Engineers, _cc1976. |
||
| 300 |
_ai10, 578, 9i p. : _bill., ports. ; _c29 cm. |
||
| 440 | 0 |
_aInternational corrosion conference series ; _vNACE-4 |
|
| 500 | _aIncludes index. | ||
| 504 | _aIncludes bibliographical references. | ||
| 650 | 0 |
_aStress corrosion _vCongresses. |
|
| 650 | 0 |
_aAlloys _xCorrosion _vCongresses. |
|
| 650 | 0 |
_aElectrochemistry _vCongresses. |
|
| 650 | 0 |
_aMaterials at high temperatures _vCongresses. |
|
| 650 | 0 |
_aCorrosion and anti-corrosives _vCongresses. |
|
| 650 | 0 |
_aSolution (Chemistry) _vCongresses. |
|
| 700 | 1 | _aJones, D. de G. | |
| 700 | 1 | _aStaehle, R.W. | |
| 710 | 1 |
_aLeatherhead (England). _bCentral Electricity Research Laboratories. |
|
| 710 | 2 | _aNational Association of Corrosion Engineers. | |
| 710 | 2 | _aUniversity of Surrey. | |
| 907 |
_a.b10069422 _b12-04-18 _c17-04-03 |
||
| 003 | |||
| 005 | 20230123141109.0 | ||
| 040 | _cNUST | ||
| 942 |
_cBOOKS _kTP255 _mINT |
||
| 999 |
_c167639 _d167639 |
||